000 00602cam a2200181 a 4500
001 1993621
005 20231122231821.0
008 890525s1988 ii 001 0 eng
040 _aDLC
_cDLC
_dDLC
_dOCoLC
082 _222
_a305.404.
_bGAN
100 1 _aGandhi,
245 1 0 _aGandhi on women :
_bcollection of Mahatma Gandhi's writings and speeches on women /
_ccompiled by Pushpa Joshi.
260 _aAhmedabad :
_bNavajivan Pub. House ;
_aNew Delhi :
_bCentre for Women's Development Studies,
_c1988.
300 _axxii, 385 p. ;
500 _aIncludes index.
700 1 _aJoshi, Pushpa.
_eedt
942 _cL
999 _c54
_d54